000 02381nam a22003497a 4500
999 _c17004
_d17004
005 20251125232851.0
008 s2534 th tha d
040 _aNALT
041 _atha
245 1 0 _aพระราชบัญญัติเกี่ยวกับภาษีมูลค่าเพิ่ม รวม 14 ฉบับ
260 3 _aกรุงเทพฯ :
_bสรรพสามิต,
_c2534
300 _a118 หน้า :
_b ตาราง ;
_c 26 ซม.
650 0 4 _aกรุงเทพมหานคร -- การบริหารราชการ (พ.ร.บ.) -- ฉบับที่ 2 -- 2534
650 0 4 _aการนิคสอุตสาหกรรมแห่งประเทศไทย (พ.ร.บ.) -- ฉบับที่ 2 -- 2534
650 0 4 _aปิโตรเลียม (พ.ร.บ.) -- ฉบับที่ 5 -- 2534
650 0 4 _aพิกัดอัตราภาษีสรรพสามิต (พ.ร.บ.) ฉบับที่ 3 -- 2534
650 0 4 _aภาษีมูลค่าเพิ่ม -- กฎหมายและระเบียบข้อบังคับ
650 0 4 _aภาษีสรรพสามิต (พ.ร.บ.) -- ฉบับที่ 2 -- 2534
650 0 4 _aยาสูบ (พ.ร.บ.) -- ฉบับที่ 6 -- 2534
650 0 4 _aรัษฎากร (พ.ร.บ.) -- ภาษีมูลค่าเพิ่ม -- แก้ไขเพิ่มเติม (ฉบับที่ 30) -- 2534
650 0 4 _aรายเทศบาล (พ.ร.บ.) ฉบับที่ 3 -- 2534
650 0 4 _aรายได้สุขาภิบาล (พ.ร.บ.) -- ฉบับที่ 4 -- 2534
650 0 4 _aสุรา (พ.ร.บ.) -- ฉบับที่ 6 -- 2534
650 0 4 _aส่งเสริมการลงทุน (พ.ร.บ.) -- ฉบับที่ 2 -- 2534
650 0 4 _aเมืองพัทยา -- การบริหารราชการ (พ.ร.บ.) -- ฉบับที่ 2 -- 2534
650 0 4 _aไพ่ (พ.ร.บ.) -- ฉบับที่ 3 -- 2534
850 _aNALT
856 4 0 _uhttps://hdl.handle.net/20.500.14156/302239
_71
942 _cLB
_2lcc
998 _j25
_k นีลวัสน์ อินทรักษา
090 _aKI27 ส337พ 2534